[Event "FRM-ch U16 Girls"]
[Site "Struga"]
[Date "2023.06.21"]
[Round "5"]
[White "Davitkova, Jovana"]
[Black "Zhezhovska, Monika"]
[Result "0-1"]
[WhiteElo "1336"]
[BlackElo "1783"]
[PlyCount "41"]
[EventDate "2023.06.17"]
[EventType "swiss"]
[EventRounds "6"]
[EventCountry "MKD"]
[SourceTitle "EXT 2024"]
[Source "ChessBase"]
[SourceDate "2023.10.10"]
[SourceVersion "1"]
[SourceVersionDate "2023.10.10"]
[SourceQuality "1"]

1. e4 c5 2. Nf3 d6 3. Bb5+ Nc6 4. 0-0 Bd7 5. c3 Nf6 6. Re1 a6 7. Bd3 Bg4 8. Bc2 Ne5 9. d3 Nxf3+ 10. gxf3 Bh3 11. Bf4 g5 12. Be3 Qc7 13. Kh1 h6 14. a4 0-0-0 15. Na3 Rg8 16. b4 g4 17. Rg1 h5 18. b5 gxf3 19. Rxg8 Nxg8 20. Qxf3 Bg4 21. Qg3 0-1

[Event "FRM-ch U16 Girls"]
[Site "Struga"]
[Date "2023.06.17"]
[Round "1"]
[White "Davitkova, Jovana"]
[Black "Jakimova, Bonita"]
[Result "1-0"]
[WhiteElo "1336"]
[BlackElo "1193"]
[PlyCount "47"]
[EventDate "2023.06.17"]
[EventType "swiss"]
[EventRounds "6"]
[EventCountry "MKD"]
[SourceTitle "EXT 2024"]
[Source "ChessBase"]
[SourceDate "2023.10.10"]
[SourceVersion "1"]
[SourceVersionDate "2023.10.10"]
[SourceQuality "1"]

1. e4 e6 2. d4 d5 3. exd5 exd5 4. Nf3 Bd6 5. c4 dxc4 6. Bxc4 Nf6 7. Qe2+ Be7 8. Bf4 Bg4 9. Be5 0-0 10. 0-0 Nc6 11. Nbd2 Re8 12. Qe3 Na5 13. Ng5 g6 14. Bxf7+ Kg7 15. Bxe8 Qxe8 16. Rfe1 Qd7 17. Qc3 Nc6 18. Qc4 Rf8 19. h3 h6 20. Nge4 Be6 21. Qe2 Nxd4 22. Bxd4 Qxd4 23. Nf3 Qa4 24. Nc3 1-0

[Event "Skopje op"]
[Site "Skopje"]
[Date "2022.10.27"]
[Round "9"]
[White "Davitkova, Jovana"]
[Black "Trajkovska, Sanja"]
[Result "0-1"]
[WhiteElo "1294"]
[BlackElo "1960"]
[PlyCount "46"]
[EventDate "2022.10.21"]
[EventType "swiss"]
[EventRounds "9"]
[EventCountry "MKD"]
[SourceTitle "EXT 2024"]
[Source "ChessBase"]
[SourceDate "2023.10.10"]
[SourceVersion "1"]
[SourceVersionDate "2023.10.10"]
[SourceQuality "1"]

1. e4 c5 2. Nf3 d6 3. d4 cxd4 4. Nxd4 Nf6 5. f3 a6 6. c4 e5 7. Nc2 Nxe4 8. fxe4 Qh4+ 9. Kd2 Qxe4 10. Qf3 Qg6 11. Nc3 Be7 12. Nd5 Bd8 13. Nce3 f5 14. g3 0-0 15. Kc3 Nc6 16. Nc2 Be6 17. Bh3 Rc8 18. b4 b5 19. Bf1 Qf7 20. Kb3 a5 21. a4 bxc4+ 22. Bxc4 axb4 23. Ncxb4 Nd4+ 0-1

[Event "EU-ch Hybrid U14 Girls"]
[Site "Tornelo INT"]
[Date "2021.10.15"]
[Round "1"]
[White "Davitkova, Jovana"]
[Black "Abdinova, Narmin"]
[Result "0-1"]
[WhiteElo "1180"]
[BlackElo "1632"]
[PlyCount "60"]
[EventDate "2021.10.15"]
[EventType "swiss"]
[EventRounds "9"]
[EventCountry "NET"]
[SourceTitle "EXT 2023"]
[Source "ChessBase"]
[SourceDate "2022.10.05"]
[SourceVersion "1"]
[SourceVersionDate "2022.10.05"]
[SourceQuality "1"]
[WhiteTeam "Macedonia"]
[BlackTeam "Azerbaijan"]
[WhiteTeamCountry "MKD"]
[BlackTeamCountry "AZE"]

1. e4 c6 2. d4 d5 3. exd5 cxd5 4. Bd3 Nc6 5. c3 Qc7 6. h3 Nf6 7. Nf3 g6 8. Nbd2 Bf5 9. Bxf5 gxf5 10. Nf1 e6 11. Ng3 Bd6 12. Bg5 Ne4 13. Nxe4 fxe4 14. Nh2 Bxh2 15. Qg4 h5 16. Qh4 Bd6 17. 0-0 Ne7 18. Bf6 Ng6 19. Qg5 Bf4 20. Bd8 Rxd8 21. Qf6 Qe7 22. Qxe7+ Nxe7 23. g3 Bc7 24. Rfd1 h4 25. Kh2 hxg3+ 26. fxg3 Nf5 27. Rg1 Ke7 28. h4 Rdg8 29. Kh3 Bxg3 30. Rg2 Rxh4# 0-1

[Event "EU-ch Hybrid U14 Girls"]
[Site "Tornelo INT"]
[Date "2021.10.15"]
[Round "4"]
[White "Helgadottir, Idunn"]
[Black "Davitkova, Jovana"]
[Result "0-1"]
[WhiteElo "1226"]
[BlackElo "1180"]
[PlyCount "100"]
[EventDate "2021.10.15"]
[EventType "swiss"]
[EventRounds "9"]
[EventCountry "NET"]
[SourceTitle "EXT 2023"]
[Source "ChessBase"]
[SourceDate "2022.10.05"]
[SourceVersion "1"]
[SourceVersionDate "2022.10.05"]
[SourceQuality "1"]
[WhiteTeam "Island"]
[BlackTeam "Macedonia"]
[WhiteTeamCountry "ISL"]
[BlackTeamCountry "MKD"]

1. d4 d5 2. c4 e6 3. Nc3 Nf6 4. Bg5 Be7 5. Nf3 Nbd7 6. e3 b6 7. cxd5 exd5 8. Bd3 Bb7 9. 0-0 0-0 10. Qc2 h6 11. Bh4 c5 12. b3 Rc8 13. dxc5 Rxc5 14. Rac1 Ne4 15. Bxe7 Qxe7 16. Qb2 Rfc8 17. Nb5 Rxc1 18. Rxc1 Ndc5 19. Bxe4 dxe4 20. Nfd4 a6 21. Nf5 Qg5 22. Nbd6 Nd3 23. Rxc8+ Bxc8 24. Ne7+ Qxe7 25. Nxc8 Qc7 26. Qd2 Qxc8 27. Kf1 Qc1+ 28. Ke2 Qxd2+ 29. Kxd2 Nxf2 30. Kc3 Kf8 31. Kd4 Ke7 32. Kd5 Kd7 33. h3 f5 34. Ke5 Ke7 35. Kxf5 Kf7 36. Ke5 g5 37. Kd5 Ke7 38. Ke5 h5 39. Kf5 g4 40. hxg4 hxg4 41. Ke5 Kd7 42. Kd5 Kc7 43. a3 Kd7 44. g3 Kc7 45. Ke5 Kc6 46. Kd4 a5 47. Ke5 Kc5 48. Ke6 b5 49. Ke5 a4 50. b4+ Kc4 0-1

[Event "EU-ch Hybrid U14 Girls"]
[Site "Tornelo INT"]
[Date "2021.10.15"]
[Round "2"]
[White "Pandelescu, Maria Catalina"]
[Black "Davitkova, Jovana"]
[Result "1-0"]
[WhiteElo "1447"]
[BlackElo "1180"]
[PlyCount "171"]
[EventDate "2021.10.15"]
[EventType "swiss"]
[EventRounds "9"]
[EventCountry "NET"]
[SourceTitle "EXT 2023"]
[Source "ChessBase"]
[SourceDate "2022.10.05"]
[SourceVersion "1"]
[SourceVersionDate "2022.10.05"]
[SourceQuality "1"]
[WhiteTeam "Romania"]
[BlackTeam "Macedonia"]
[WhiteTeamCountry "ROU"]
[BlackTeamCountry "MKD"]

1. e4 c5 2. Nf3 d6 3. d4 cxd4 4. Nxd4 Nf6 5. Nc3 a6 6. Be3 e6 7. f3 Nc6 8. Qd2 Qc7 9. 0-0-0 b5 10. g4 Bb7 11. h4 Rc8 12. h5 Ne5 13. g5 Nfd7 14. Be2 Nc4 15. Bxc4 Qxc4 16. Qe2 Qxe2 17. Ncxe2 Nc5 18. Rhg1 b4 19. Kb1 Be7 20. g6 hxg6 21. hxg6 f6 22. Rh1 Kd7 23. Ng3 Kc7 24. Nh5 Rhg8 25. Rh3 Bc6 26. Nxc6 Kxc6 27. Nf4 Kd7 28. Rh7 Bf8 29. Nh5 Kc6 30. Rh1 a5 31. Nf4 Kd7 32. Bxc5 dxc5 33. Rd1+ Ke7 34. Ng2 Rd8 35. Rxd8 Kxd8 36. Ne3 Kc7 37. Nc4 a4 38. a3 Bd6 39. Rh5 e5 40. Ka2 Kc6 41. b3 axb3+ 42. Kxb3 bxa3 43. Kxa3 Ra8+ 44. Kb3 Rb8+ 45. Kc3 Ra8 46. Rh7 Ra7 47. Kd3 Rd7 48. Ke3 Bc7 49. Rh1 Kb5 50. Nd2 Ba5 51. Rb1+ Kc6 52. Nc4 Bb4 53. f4 exf4+ 54. Kxf4 Rd4 55. Ne3 Bd2 56. Kf3 Bxe3 57. Kxe3 Rd6 58. Ra1 Rd7 59. Ra6+ Kc7 60. Ra8 Kd6 61. Kf4 Ke6 62. Re8+ Kd6 63. e5+ fxe5+ 64. Rxe5 Rd8 65. Rf5 Rd7 66. c4 Re7 67. Rd5+ Kc6 68. Re5 Rd7 69. Re4 Kd6 70. Kf5 Kc6 71. Re6+ Kc7 72. Ke5 Kb7 73. Rd6 Re7+ 74. Kd5 Rc7 75. Ke6 Kc8 76. Rb6 Ra7 77. Rc6+ Kd8 78. Rxc5 Ra6+ 79. Kf7 Ra7+ 80. Kf8 Rb7 81. Rd5+ Kc8 82. Re5 Kd8 83. Re8+ Kd7 84. Re7+ Kc6 85. Rxb7 Kxb7 86. Kxg7 1-0

[Event "EU-ch Hybrid U14 Girls"]
[Site "Tornelo INT"]
[Date "2021.10.15"]
[Round "8"]
[White "Vilics, Hanna"]
[Black "Davitkova, Jovana"]
[Result "1-0"]
[WhiteElo "1628"]
[BlackElo "1180"]
[PlyCount "101"]
[EventDate "2021.10.15"]
[EventType "swiss"]
[EventRounds "9"]
[EventCountry "NET"]
[SourceTitle "EXT 2023"]
[Source "ChessBase"]
[SourceDate "2022.10.05"]
[SourceVersion "1"]
[SourceVersionDate "2022.10.05"]
[SourceQuality "1"]
[WhiteTeam "Hungary"]
[BlackTeam "Macedonia"]
[WhiteTeamCountry "HUN"]
[BlackTeamCountry "MKD"]

1. d4 d5 2. Nf3 e6 3. g3 Nf6 4. Bg2 Be7 5. 0-0 Nbd7 6. c4 dxc4 7. Nbd2 b5 8. Ne5 Nxe5 9. Bxa8 Qxd4 10. Nf3 Nxf3+ 11. Bxf3 Qb6 12. Qc2 h5 13. Bg5 Qc5 14. Be3 Qe5 15. h4 Ng4 16. Bf4 Qc5 17. Qe4 Bd7 18. Bxg4 hxg4 19. Be3 Qb4 20. Qxg4 Qxb2 21. Bd4 Qd2 22. Qxg7 Rf8 23. e3 Qe2 24. f3 b4 25. h5 a5 26. h6 Qd3 27. h7 Qg6 28. Qxg6 fxg6 29. h8Q Rxh8 30. Bxh8 b3 31. axb3 cxb3 32. Rxa5 c5 33. Ra8+ Kf7 34. Ra7 Be8 35. Rc1 Kf8 36. Bc3 Bc6 37. Kf2 Bd5 38. e4 Bc6 39. Ke3 Bg5+ 40. f4 Be7 41. g4 Ke8 42. Rh1 c4 43. Rh8+ Kf7 44. Rh7+ Kf8 45. Rhxe7 Be8 46. Rxe6 g5 47. f5 Bb5 48. Rg6 Be8 49. Rxg5 Bc6 50. Rh5 Kg8 51. Rh8# 1-0

[Event "FRM-ch U14 Girls"]
[Site "Struga"]
[Date "2021.06.23"]
[Round "5"]
[White "Davitkova, Jovana"]
[Black "Lusheska, Elena"]
[Result "1-0"]
[WhiteElo "1227"]
[BlackElo "1076"]
[PlyCount "79"]
[EventDate "2021.06.19"]
[EventType "tourn"]
[EventRounds "5"]
[EventCountry "MKD"]
[SourceTitle "EXT 2022"]
[Source "ChessBase"]
[SourceDate "2021.10.06"]
[SourceVersion "1"]
[SourceVersionDate "2021.10.06"]
[SourceQuality "1"]

1. e4 c6 2. d4 d5 3. exd5 cxd5 4. Bd3 Nc6 5. c3 e6 6. Bf4 Nf6 7. Nf3 Bd6 8. Bxd6 Qxd6 9. 0-0 0-0 10. Re1 Nd7 11. Ng5 g6 12. Re3 Qf4 13. Nh3 Qh4 14. Nd2 Re8 15. Nf3 Qf6 16. Bb5 Qg7 17. Nf4 a6 18. Ba4 Nb6 19. Bb3 Rd8 20. Nd3 f6 21. Qe1 Qf7 22. Nc5 Rd6 23. g3 Kh8 24. a4 a5 25. Qe2 Nd8 26. Nh4 Kg7 27. Ng2 g5 28. f4 h6 29. f5 Qe7 30. Re1 Kf7 31. Qh5+ Kg8 32. Qxh6 Qf7 33. h4 gxh4 34. gxh4 Bd7 35. Nf4 Nc4 36. Bxc4 dxc4 37. Ncxe6 Bc6 38. Nxd8 Raxd8 39. Re7 Qf8 40. Qh7# 1-0

[Event "Wch FIDE Online U12 Girls Europe qual"]
[Site "Tornelo INT"]
[Date "2020.12.07"]
[Round "1"]
[White "Abdinova, Narmin"]
[Black "Davitkova, Jovana"]
[Result "1-0"]
[WhiteElo "1621"]
[BlackElo "1160"]
[PlyCount "133"]
[EventDate "2020.12.07"]
[EventType "swiss (rapid)"]
[EventRounds "7"]
[EventCountry "ISS"]
[SourceTitle "EXT 2022"]
[Source "ChessBase"]
[SourceDate "2021.10.06"]
[SourceVersion "1"]
[SourceVersionDate "2021.10.06"]
[SourceQuality "1"]

1. e4 c5 2. c3 e6 3. d4 cxd4 4. cxd4 d5 5. exd5 exd5 6. Nf3 Nf6 7. Bb5+ Bd7 8. Bxd7+ Nbxd7 9. 0-0 Be7 10. Qb3 Qc7 11. Nc3 Nb6 12. Nb5 Qd8 13. Bf4 0-0 14. Rac1 Nc4 15. Ne5 a6 16. Nc3 Rc8 17. Nxc4 dxc4 18. Qxb7 Qxd4 19. Bg3 Bc5 20. Rcd1 Qg4 21. Qxa6 Bb4 22. Bd6 Bxd6 23. Qxd6 Rb8 24. Rd2 Qg6 25. Rfd1 h6 26. Qg3 Qxg3 27. hxg3 Rfc8 28. a4 Kf8 29. Nb5 Ra8 30. Nc3 Rab8 31. Ra1 Rb4 32. a5 Ra8 33. Nd5 Nxd5 34. Rxd5 Rxb2 35. Rc5 Rb4 36. f3 Ke7 37. Rc7+ Ke6 38. a6 g5 39. a7 f5 40. Ra6+ Kd5 41. Ra5+ Ke6 42. Rh7 c3 43. Rxh6+ Kf7 44. Rc6 Rb3 45. Rxf5+ Ke7 46. Ra5 Kf7 47. Rc7+ Kf6 48. Rc6+ Ke7 49. Rxg5 Kd7 50. Rc4 Ke7 51. Ra5 Kd7 52. Ra6 Ke7 53. g4 Kf7 54. g5 Kg7 55. Rc7+ Kf8 56. g6 Kg8 57. f4 Kf8 58. f5 Kg8 59. f6 Kf8 60. Kh2 Kg8 61. g3 Kf8 62. Kh3 Kg8 63. Kh4 Kf8 64. Kg5 Kg8 65. Kh6 Kh8 66. g7+ Kg8 67. f7# 1-0

[Event "Wch FIDE Online U12 Girls Europe qual"]
[Site "Tornelo INT"]
[Date "2020.12.07"]
[Round "2"]
[White "Davitkova, Jovana"]
[Black "Marchenko, Yelyzaveta"]
[Result "1-0"]
[WhiteElo "1160"]
[BlackElo "1538"]
[PlyCount "132"]
[EventDate "2020.12.07"]
[EventType "swiss (rapid)"]
[EventRounds "7"]
[EventCountry "ISS"]
[SourceTitle "EXT 2022"]
[Source "ChessBase"]
[SourceDate "2021.10.06"]
[SourceVersion "1"]
[SourceVersionDate "2021.10.06"]
[SourceQuality "1"]

1. e4 e6 2. d4 d5 3. exd5 exd5 4. Bd3 Nf6 5. h3 Bd6 6. Nf3 0-0 7. 0-0 h6 8. Nc3 a6 9. Bd2 c5 10. dxc5 Bxc5 11. Bf4 Nc6 12. a3 Be6 13. Re1 Rc8 14. Qd2 Nd4 15. Nxd4 Bxd4 16. Be5 Bxe5 17. Rxe5 Qd6 18. Rae1 d4 19. Nb1 Rc5 20. Rxc5 Qxc5 21. Qf4 Bc4 22. Qf5 Qxf5 23. Bxf5 g6 24. Nd2 Bb5 25. Bg4 Nxg4 26. hxg4 Rc8 27. Rc1 Bd3 28. Nf3 Rxc2 29. Rxc2 Bxc2 30. Nxd4 Bd1 31. f3 Ba4 32. Kf2 Kf8 33. Ke3 Ke7 34. b3 Bd7 35. b4 Kd6 36. Kd3 b6 37. g3 f6 38. Ke4 a5 39. bxa5 bxa5 40. Kd3 Kd5 41. Kc3 h5 42. gxh5 gxh5 43. Kd3 Bc8 44. Kc3 Bd7 45. Kd3 f5 46. Kc3 Ke5 47. Kd3 f4 48. gxf4+ Kxf4 49. Ke2 Kg3 50. Ke3 h4 51. Ne2+ Kg2 52. Nf4+ Kf1 53. Kd4 h3 54. Nxh3 Bxh3 55. Kc5 Bd7 56. f4 Ke2 57. f5 Kd3 58. f6 Be6 59. Kb5 Kc3 60. Kxa5 Kb3 61. a4 Ka3 62. Kb5 Bd7+ 63. Kb6 Be6 64. a5 Ka4 65. a6 Kb4 66. a7 Kc4 1-0

[Event "Ohrid Lasker U20 op"]
[Site "Ohrid"]
[Date "2019.10.12"]
[Round "5"]
[White "Davitkova, Jovana"]
[Black "Lusheska, Elena"]
[Result "1/2-1/2"]
[WhiteElo "1263"]
[BlackElo "1061"]
[PlyCount "38"]
[EventDate "2019.10.10"]
[EventType "swiss"]
[EventRounds "7"]
[EventCountry "MKD"]
[SourceTitle "CBM 192 Extra"]
[Source "Chessbase"]
[SourceDate "2019.11.06"]
[SourceVersion "1"]
[SourceVersionDate "2019.11.06"]
[SourceQuality "1"]

1. e4 e5 2. Nf3 Nc6 3. Bb5 Bc5 4. Nc3 Nf6 5. 0-0 d6 6. h3 0-0 7. a3 a6 8. Bxc6 bxc6 9. d4 Bxd4 10. Nxd4 exd4 11. Qxd4 c5 12. Qd1 h6 13. Bf4 Bb7 14. Re1 Nd7 15. e5 dxe5 16. Bxe5 Qg5 17. Bg3 Nf6 18. Qd3 Rad8 19. Qe3 Qg6 1/2-1/2

[Event "Ohrid Lasker U20 op"]
[Site "Ohrid"]
[Date "2019.10.12"]
[Round "6"]
[White "Uzunov, Emil"]
[Black "Davitkova, Jovana"]
[Result "0-1"]
[WhiteElo "1140"]
[BlackElo "1263"]
[PlyCount "124"]
[EventDate "2019.10.10"]
[EventType "swiss"]
[EventRounds "7"]
[EventCountry "MKD"]
[SourceTitle "CBM 192 Extra"]
[Source "Chessbase"]
[SourceDate "2019.11.06"]
[SourceVersion "1"]
[SourceVersionDate "2019.11.06"]
[SourceQuality "1"]

1. e4 c5 2. Nf3 d6 3. d4 cxd4 4. Nxd4 Nf6 5. Nc3 a6 6. Be2 Nc6 7. Be3 e6 8. Qd2 Be7 9. 0-0 0-0 10. f4 Bd7 11. Bf3 Rc8 12. Rad1 Qc7 13. Qf2 b5 14. Nb3 Bd8 15. Qd2 Be7 16. Kh1 Nb8 17. Qd4 Qc4 18. Qxc4 Rxc4 19. Nd2 Rc7 20. a3 Bc6 21. Nb3 Nbd7 22. Nd4 Bb7 23. f5 e5 24. Nb3 Nc5 25. Nxc5 dxc5 26. Rde1 Rd7 27. Bf2 Rd2 28. Rc1 Rfd8 29. Be3 R2d7 30. Rce1 h6 31. Rf2 Ne8 32. Ree2 Rd1+ 33. Nxd1 Rxd1+ 34. Rf1 Rxf1+ 35. Bg1 c4 36. g3 Bc5 37. Rg2 Rxg1+ 38. Rxg1 Bxg1 39. Kxg1 Nf6 40. Kf2 Bxe4 41. Bxe4 Nxe4+ 42. Ke3 Nd6 43. g4 Kf8 44. h3 Ke7 45. Kf3 Kf6 46. c3 Kg5 47. Kg2 Kf4 48. Kf2 e4 49. Ke2 Kg3 50. Ke3 Kxh3 51. Kf4 Kh4 52. Ke3 Kxg4 53. Kf2 h5 54. Ke2 h4 55. Kf2 h3 56. Kg1 e3 57. Kf1 h2 58. Kg2 e2 59. Kxh2 e1Q 60. Kg2 Qe2+ 61. Kh1 Kh3 62. f6 Qh2# 0-1

[Event "EU-ch U12 Girls"]
[Site "Bratislava"]
[Date "2019.08.10"]
[Round "9.46"]
[White "Toquero Gracia, Laura"]
[Black "Davitkova, Jovana"]
[Result "0-1"]
[WhiteElo "1259"]
[BlackElo "1137"]
[PlyCount "128"]
[EventDate "2019.08.02"]
[EventType "swiss"]
[EventRounds "9"]
[EventCountry "SVK"]
[SourceTitle "EXT 2022"]
[Source "ChessBase"]
[SourceDate "2021.10.06"]
[SourceVersion "1"]
[SourceVersionDate "2021.10.06"]
[SourceQuality "1"]

1. e4 c5 2. Nf3 d6 3. c3 Nf6 4. Be2 Bd7 5. d3 e6 6. Nbd2 Be7 7. 0-0 0-0 8. Qc2 Nc6 9. Re1 Qc7 10. h3 d5 11. Nf1 h6 12. Be3 Rac8 13. Rac1 a6 14. a3 a5 15. a4 Ne5 16. N1d2 Bd6 17. Nxe5 Bxe5 18. Nf3 Bd6 19. Rf1 Be7 20. Rfd1 Rfd8 21. Re1 Qc6 22. Ne5 Qxa4 23. Nxd7 Qxd7 24. e5 Ne8 25. Qb3 Rb8 26. d4 c4 27. Qa2 Ra8 28. Ra1 b5 29. Qb1 b4 30. Bd1 b3 31. Bf4 Nc7 32. Re3 Bg5 33. Bxg5 hxg5 34. Rg3 Qe7 35. Qc1 g6 36. Qxg5 Qxg5 37. Rxg5 a4 38. h4 Kh7 39. Rg3 Nb5 40. Be2 a3 41. Rb1 a2 42. Ra1 Na3 43. Bd1 Nc2 44. Bxc2 bxc2 45. h5 c1Q+ 46. Rxc1 a1Q 47. hxg6+ fxg6 48. Rh3+ Kg7 49. Rxa1 Rxa1+ 50. Kh2 Rh8 51. Rxh8 Kxh8 52. Kg3 Rb1 53. Kg4 Rxb2 54. Kg5 Kg7 55. g4 Rxf2 56. Kh4 Rc2 57. Kg5 Rxc3 58. Kf4 Rd3 59. g5 c3 60. Kg4 c2 61. Kh4 c1Q 62. Kg4 Rxd4+ 63. Kf3 Qc3+ 64. Kf2 Rd2+ 0-1

[Event "EU-ch U12 Girls"]
[Site "Bratislava"]
[Date "2019.08.09"]
[Round "8"]
[White "Davitkova, Jovana"]
[Black "Havelkova, Beata"]
[Result "0-1"]
[WhiteElo "1137"]
[BlackElo "1360"]
[PlyCount "120"]
[EventDate "2019.08.02"]
[EventType "swiss"]
[EventRounds "9"]
[EventCountry "SVK"]
[SourceTitle "EXT 2020"]
[Source "ChessBase"]
[SourceDate "2019.10.17"]
[SourceVersion "1"]
[SourceVersionDate "2019.10.17"]
[SourceQuality "1"]

1. e4 c5 2. Nf3 d6 3. d4 cxd4 4. Nxd4 Nf6 5. f3 g6 6. c4 Bg7 7. Nc3 Nc6 8. Be3 0-0 9. Be2 Bd7 10. 0-0 a5 11. Qd2 Nxd4 12. Bxd4 a4 13. b3 axb3 14. axb3 Bc6 15. Rfd1 Nd7 16. Bxg7 Kxg7 17. Kf1 Nc5 18. Qb2 Kg8 19. Rxa8 Qxa8 20. Ra1 Qd8 21. b4 Ne6 22. b5 Bd7 23. Nd5 Nc5 24. Ra7 Be6 25. Qa1 f6 26. Qd4 Kf7 27. Bd1 Qb8 28. Ra2 Rh8 29. Nf4 Qc8 30. Nxe6 Qxe6 31. Rd2 Ra8 32. Qd5 Ra1 33. Kf2 Rc1 34. Be2 Ra1 35. Rc2 h5 36. Rd2 Kg7 37. Qxe6 Nxe6 38. g3 Nc5 39. Ke3 g5 40. Bd3 Ra3 41. Ke2 Rc3 42. Rd1 Kf7 43. f4 gxf4 44. gxf4 e5 45. f5 Ke7 46. Rd2 Nxd3 47. Rxd3 Rxc4 48. Rh3 Rxe4+ 49. Kd3 Rb4 50. Rxh5 Rxb5 51. Rh7+ Kf8 52. Rd7 d5 53. h4 Kg8 54. h5 d4 55. Rd6 Kg7 56. Rd7+ Kh6 57. Rf7 Rb6 58. Ke4 Kxh5 59. Rh7+ Kg5 60. Rg7+ Kh6 0-1

[Event "EU-ch U12 Girls"]
[Site "Bratislava"]
[Date "2019.08.06"]
[Round "5"]
[White "Davitkova, Jovana"]
[Black "Lobo Pereira, Arami"]
[Result "0-1"]
[WhiteElo "1137"]
[BlackElo "1595"]
[PlyCount "34"]
[EventDate "2019.08.02"]
[EventType "swiss"]
[EventRounds "9"]
[EventCountry "SVK"]
[SourceTitle "EXT 2020"]
[Source "ChessBase"]
[SourceDate "2019.10.17"]
[SourceVersion "1"]
[SourceVersionDate "2019.10.17"]
[SourceQuality "1"]

1. e4 c5 2. Nf3 d6 3. d4 cxd4 4. Nxd4 Nf6 5. f3 e5 6. Nb3 d5 7. Bg5 d4 8. c3 dxc3 9. Qxd8+ Kxd8 10. Nxc3 Be7 11. Bc4 Be6 12. Bxe6 fxe6 13. 0-0-0+ Ke8 14. Bxf6 gxf6 15. Nb5 Kf7 16. Rd7 Nxd7 17. Rd1 Nb6 0-1

[Event "EU-ch U12 Girls"]
[Site "Bratislava"]
[Date "2019.08.04"]
[Round "3"]
[White "Davitkova, Jovana"]
[Black "Putar, Lara"]
[Result "0-1"]
[WhiteElo "1137"]
[BlackElo "1675"]
[PlyCount "94"]
[EventDate "2019.08.02"]
[EventType "swiss"]
[EventRounds "9"]
[EventCountry "SVK"]
[SourceTitle "EXT 2020"]
[Source "ChessBase"]
[SourceDate "2019.10.17"]
[SourceVersion "1"]
[SourceVersionDate "2019.10.17"]
[SourceQuality "1"]

1. e4 d5 2. exd5 Nf6 3. c4 c6 4. dxc6 Nxc6 5. Nf3 e5 6. d3 e4 7. dxe4 Qxd1+ 8. Kxd1 Nxe4 9. Be3 Bg4 10. Be2 Rd8+ 11. Kc1 Be7 12. Rd1 0-0 13. Nbd2 Nd6 14. a3 Nf5 15. Ne4 Nxe3 16. fxe3 Rxd1+ 17. Kxd1 Re8 18. Nc3 Bf6 19. Kd2 h6 20. Rc1 Na5 21. Re1 Be6 22. c5 Nb3+ 23. Kc2 Nxc5 24. Nb5 Bf5+ 25. Kc1 Nb3+ 26. Kd1 Bxb2 27. Bc4 Rd8+ 28. Ke2 Nc1+ 29. Kf2 Bd3 30. Rd1 Kh7 31. Bxf7 Rf8 32. Nd6 Bxa3 33. Bb3 Bg6 34. Be6 Rd8 35. Bc4 Rxd6 36. Rxd6 Bxd6 37. Ke1 Nd3+ 38. Kd2 Ne5 39. Nxe5 Bxe5 40. h3 Be4 41. g4 g5 42. Bd3 Bxd3 43. Kxd3 Kg6 44. Ke4 Kf6 45. Kd5 a5 46. Kc5 a4 47. Kb4 b5 0-1

[Event "Ohrid Lasker U20 op"]
[Site "Ohrid"]
[Date "2018.10.13"]
[Round "5"]
[White "Davitkova, Jovana"]
[Black "Mateski, Julian"]
[Result "0-1"]
[WhiteElo "1094"]
[BlackElo "1347"]
[PlyCount "134"]
[EventDate "2018.10.11"]
[EventType "swiss"]
[EventRounds "7"]
[EventCountry "MKD"]
[SourceTitle "CBM 186 Extra"]
[Source "ChessBase"]
[SourceDate "2018.08.24"]
[SourceVersion "1"]
[SourceVersionDate "2018.08.24"]
[SourceQuality "1"]

1. e4 e5 2. Nf3 Nc6 3. Bb5 a6 4. Bxc6 dxc6 5. d4 exd4 6. Qxd4 Qxd4 7. Nxd4 Bc5 8. Be3 Nf6 9. f3 0-0 10. Nc3 Bb4 11. Nde2 Re8 12. 0-0-0 Be6 13. a3 Bxc3 14. Nxc3 Rad8 15. Rxd8 Rxd8 16. Rd1 Rxd1+ 17. Kxd1 Kf8 18. Kd2 Ke7 19. Kd3 b5 20. Bc5+ Kd7 21. Ke3 g5 22. h3 h5 23. Ne2 Bc4 24. c3 Bxe2 25. Kxe2 Ke6 26. Ke3 Nd7 27. Bd4 c5 28. Bg7 f6 29. e5 Kxe5 30. h4 Kf5 31. hxg5 Kxg5 32. Ke4 c6 33. Bh8 Kg6 34. g3 Kh7 35. Bxf6 Nxf6+ 36. Kf5 Kg7 37. Ke6 b4 38. Kd6 bxc3 39. bxc3 Nd5 40. c4 Ne3 41. Kxc5 Nf1 42. Kd4 Nxg3 43. Ke3 Kg6 44. Kf4 Nf5 45. a4 h4 46. Kg4 Ne3+ 47. Kxh4 Nxc4 48. Kg4 Nb2 49. f4 Nxa4 50. f5+ Kf6 51. Kf4 Nc3 52. Ke3 Kxf5 53. Kd4 Ke6 54. Kxc3 Kd5 55. Kd3 Kc5 56. Kc3 Kb5 57. Kb3 c5 58. Kc3 a5 59. Kb3 c4+ 60. Kc3 a4 61. Kb2 Kb4 62. Kc2 a3 63. Kb1 Kc3 64. Ka1 Kd2 65. Kb1 c3 66. Ka1 a2 67. Kxa2 c2 0-1

[Event "EU-ch U10 Girls 28th"]
[Site "Riga"]
[Date "2018.08.20"]
[Round "1"]
[White "Kirtadze, Anastasia"]
[Black "Davitkova, Jovana"]
[Result "1-0"]
[WhiteElo "1391"]
[BlackElo "1075"]
[PlyCount "75"]
[EventDate "2018.08.20"]
[EventType "swiss"]
[EventRounds "9"]
[EventCountry "LAT"]
[SourceTitle "CBM 186 Extra"]
[Source "ChessBase"]
[SourceDate "2018.08.24"]
[SourceVersion "1"]
[SourceVersionDate "2018.08.24"]
[SourceQuality "1"]

1. d4 d5 2. c4 e6 3. Nf3 c5 4. Nc3 Nc6 5. dxc5 dxc4 6. Qxd8+ Kxd8 7. Bf4 Bxc5 8. 0-0-0+ Ke7 9. Ne4 b6 10. Nxc5 bxc5 11. Bd6+ Kf6 12. Bxc5 Ba6 13. e4 Rc8 14. e5+ Kg6 15. Be3 f6 16. Nh4+ Kf7 17. Rd7+ Nge7 18. exf6 gxf6 19. Be2 Ke8 20. Rd6 Kf7 21. Bh5+ Ng6 22. Rd7+ Nce7 23. Rxa7 Ra8 24. Rc7 Rac8 25. Rxc8 Rxc8 26. Nxg6 hxg6 27. Bf3 Rd8 28. Rd1 Rxd1+ 29. Kxd1 Nf5 30. Kc2 Ke7 31. Kc3 Kd6 32. Be2 Nxe3 33. fxe3 Kc5 34. b3 Bb7 35. Bxc4 e5 36. g3 g5 37. h4 Kc6 38. e4 1-0